Guess the 1960s song lyrics #206 - Statistics

General Stats
  • This quiz has been taken 13 times
  • The average score is 151 of 198
Answer Stats
Answer % Correct
a
100%
And
100%
be
100%
for
100%
it
100%
It
100%
love
100%
me
100%
My
100%
then
100%
to
100%
Who
100%
you
100%
your
100%
are
90%
can
90%
if
90%
If
90%
is
90%
She
90%
So
90%
that
90%
This
90%
this
90%
took
90%
wants
90%
what
90%
have
80%
heart
80%
her
80%
Let
80%
Like
80%
like
80%
now
80%
off
80%
shine
80%
thing
80%
was
80%
mean
70%
mine
70%
ring
70%
should
70%
than
70%
won't
70%
anymore
60%
behind
60%
break
60%
diamond
60%
did
60%
doesn't
60%
doesnt
60%
finger
60%
there's
60%
you've
60%
baby
50%
beautiful
50%
before
50%
buy
50%
got
50%
something
50%
true
50%
Gary Lewis and the Playboys
40%
someone
40%
baby's
30%
coming
30%
dreams
30%
truer
30%
whose
30%
genuine
20%
stone
20%
No matching quizzes found
Score Distribution
Percent of People with Each Score
Percentile by Number Answered
Your Score History
You have not taken this quiz